| 000 | 00403nam a2200145Ia 4500 | ||
|---|---|---|---|
| 008 | 150201s1985 xx 000 0 und d | ||
| 082 |
_a611 _bN1984S |
||
| 100 | _aSEITER,CJW | ||
| 245 | _aNUTRITION PRINCIPLES & APPLICATION IN HEALTH CARE | ||
| 250 | _a2ND | ||
| 260 |
_bLIPPINCOTT PUBLICATION _aPHILADELPHIA _c1985 |
||
| 300 | _a1-652 | ||
| 650 | _aPREVENTIVE AND COMMUNITY DENTISTRY | ||
| 942 |
_2ddc _cBK |
||
| 999 |
_c3101 _d3101 |
||